000
00212 a2200097 4500
001
517
100
_a
Quarrington,CA
245
_a
Modern Practual Radio and television
260
_a
_b
Caxton
_c
090
_c
129
_d
129
942
_a
NUST-CAE
_c
M
_c
3224
999
_c
235590
_d
235590